Antonio Caro (Registro nro. 318987)
[ vista simple ]
| 000 -ENCABEZADO | |
|---|---|
| Número de control [NR] | 01299nam a2200277 a 4500 |
| 005 - FECHA Y HORA DE LA ÚLTIMA TRANSACCIÓN | |
| control field | 20210702121434.0 |
| 008 - DE LONGITUD FIJA DE DATOS DE ELEMENTOS - INFORMACIÓN GENERAL | |
| Elementos de longitud fija [NR] | 210702s2014 ck a|||gr|||| 00| 0 spa d |
| 040 ## - FUENTE DE CATALOGACION [NR] | |
| Agencia de catalogación original [NR] | CO-BoUCM |
| Idioma de catalogación [NR] | spa |
| Quien Cataloga | Deissy Garcia |
| Quien Clasifica | Deissy Garcia |
| 041 0# - CODIGO DE IDIOMA [R] | |
| Código de idioma para texto/pista de sonido o título separado [R] | Español |
| 245 00 - MENCION DE TITULO [NR] | |
| Título [NR] | Antonio Caro |
| Parte restante del título [NR] | símbolo nacional |
| Mención de responsabilidad, etc. [NR] | dirección editorial de José Roca y Alejandro Martín ; ensayo por Gina McDaniel Tarver ; traducción: Magdalena Holguín |
| 260 ## - PUBLICACION, DISTRIBUCION, ETC. (PIE DE IMPRENTA) [R] | |
| Lugar de publicación, distribución, etc. [R] | Bogotá |
| Nombre del editor, distribuidor, etc. [R] | Seguros Bolívar |
| Fecha de publicación, distribución, etc. [R] | 2014 |
| 300 ## - DESCRIPCION FISICA [R] | |
| Extensión [R] | 111 páginas |
| Otros detalles físicos [NR] | fotografías |
| 490 0# - MENCION DE SERIE [R] | |
| Mención de serie [R] | Colección de Arte Contemporáneo Seguros Bolívar |
| 500 ## - NOTA GENERAL [R] | |
| Nota general [NR] | Bibliografía Básica - Facultad de Creación - Pregrado en Artes - Diseño - Arquitectura |
| 504 ## - NOTA DE BIBLIOGRAFIA, ETC. [R] | |
| Nota de bibliografía, etc. [NR] | Incluye referencias bibliográficas |
| 600 10 - ASIENTO SECUNDARIO DE MATERIA - NOMBRE PERSONAL [R] | |
| Nombre personal [NR] | Caro Lopera, Antonio José |
| Fechas asociadas con el nombre [NR] | 1950- |
| Subdivisión de forma [R] | Catálogos |
| Subdivisión general [R] | Trabajos artísticos |
| 9 (RLIN) | 104028 |
| 650 #7 - ASIENTO SECUNDARIO DE MATERIA - TERMINO TEMATICO [R] | |
| Término temático o nombre geográfico como elemento de entrada [NR] | Arte colombiano |
| Subdivisión de forma [R] | Catálogos |
| 9 (RLIN) | 104025 |
| 650 #7 - ASIENTO SECUNDARIO DE MATERIA - TERMINO TEMATICO [R] | |
| Término temático o nombre geográfico como elemento de entrada [NR] | Artistas plásticos colombianos |
| Subdivisión de forma [R] | Catálogos |
| 9 (RLIN) | 104026 |
| 650 #7 - ASIENTO SECUNDARIO DE MATERIA - TERMINO TEMATICO [R] | |
| Término temático o nombre geográfico como elemento de entrada [NR] | Instalación (Arte) |
| Subdivisión de forma [R] | Catálogos |
| 9 (RLIN) | 104027 |
| 700 ## - ASIENTO SECUNDARIO - NOMBRE PERSONAL [R] | |
| 9 (RLIN) | 104019 |
| Nombre personal [NR] | Martín, Alejandro |
| Fechas asociadas con el nombre [NR] | 1975- |
| Término de relación [R] | editor |
| 700 ## - ASIENTO SECUNDARIO - NOMBRE PERSONAL [R] | |
| Nombre personal [NR] | Roca, José Ignacio |
| Fechas asociadas con el nombre [NR] | 1962- |
| Término de relación [R] | editor |
| 9 (RLIN) | 104020 |
| 700 ## - ASIENTO SECUNDARIO - NOMBRE PERSONAL [R] | |
| Nombre personal [NR] | Tarver, Gina McDaniel |
| 9 (RLIN) | 104029 |
| 710 1# - ASIENTO SECUNDARIO - NOMBRE CORPORATIVO [R] | |
| 9 (RLIN) | 104014 |
| Nombre corporativo o de jurisdicción como elemento de entrada [NR] | Seguros Bolívar (Colombia) |
| 942 ## - ELEMENTOS DE ENTRADA AGREGADOS (KOHA) | |
| Sistema de clasificación | DEWEY |
| Tipo de ítem principal el descrito en 300a | Libro |
| Tema principal | Arte |
| Edición | 1 |
| Clasificación | 709.2861 |
| Parte restante de la signatura top. | R669a |
| Título oculto en OPAC | No |
| Signatura topográfica | Código de barras | Última vez visto | Ejemplar | Costo de reposición | Price effective from | Tipo de ítem | Perdido | Sistema de clasificación | Dañado | No prestable | Tipo de ítem específico | Suprimido | Ubicación habitual | Ubicación actual | Localización | Fecha de creación | Proveedor | Forma de adquisición | Costo |
|---|---|---|---|---|---|---|---|---|---|---|---|---|---|---|---|---|---|---|---|
| 709.2861 R669a | 100167462 | 06/12/2025 | Ej.1 | 66666.67 | 03/06/2021 | Libro | DEWEY | Libro | Claustro | Claustro | 2do piso | 03/06/2021 | 157 | Compra | 66666.67 |